jugadores de LaLiga 24-25 - Estadísticas

Estadísticas generales
  • Esta prueba ha sido intentada 932 veces
  • La puntuación promedio es 148 de 481
Estadísticas de respuestas
Hint Jugadores % Correcto
Real Madrid Thibaut Courtois
91%
Real Madrid Andrey Lunin
89%
Real Madrid Vinicius Junior
89%
Real Madrid Antonio Rudiger
87%
Real Madrid Kylian Mbappé
87%
Real Madrid Daniel Carvajal
86%
Real Madrid Fran García
84%
Real Madrid Rodrygo
83%
Real Madrid Eduardo Camavinga
81%
Real Madrid David Alaba
80%
Real Madrid Eder Militao
80%
Real Madrid Ferland Mendy
80%
Real Madrid Luka Modric
80%
Barcelona Lamine Yamal
78%
Barcelona Marc Ter Stegen
77%
Real Madrid Federico Valverde
76%
Real Madrid Lucas Vázquez
76%
Barcelona Pedri
76%
Barcelona Gavi
75%
Barcelona Iñigo Martínez
75%
Real Madrid Jude Bellingham
75%
Barcelona Robert Lewandowski
74%
Barcelona Iñaki Peña
73%
Barcelona Pau Cubarsí
71%
Barcelona Alejandro Balde
70%
Real Madrid Brahim Díaz
70%
Barcelona Eric García
70%
Barcelona Jules Koundé
70%
Barcelona Raphinha
70%
Barcelona Ronald Araujo
70%
Real Madrid Arda Güler
69%
Real Madrid Endrick
69%
Barcelona Ferrán Torres
69%
Atlético de Madrid Jan Oblak
69%
Barcelona Gerard Martí
68%
Barcelona Frenkie de Jong
67%
Atlético de Madrid Julián Álvarez
66%
Real Madrid Dani Ceballos
64%
Barcelona Marc Casadó
64%
Atlético de Madrid Antoine Griezmann
63%
Barcelona Fermín López
63%
Espanyol Joan García
63%
Athletic Club Iñaki Williams
62%
Athletic Club Nico Williams
62%
Athletic Club Unai Simón
61%
Barcelona Dani Olmo
60%
Real Madrid Jesús Vallejo
60%
Atlético de Madrid José María Giménez
60%
Alavés Kike García
60%
Rayo Vallecano Álvaro García
57%
Osasuna Rubén García
57%
Atlético de Madrid Alexander Sorloth
56%
Girona Iván Martín
56%
Atlético de Madrid Marcos Llorente
56%
Barcelona Pablo Torre
56%
Osasuna Raúl García
56%
Atlético de Madrid Rodrigo de Paul
56%
Real Betis Diego Llorente
55%
Atlético de Madrid Koke
55%
Osasuna Unai García
55%
Leganés Diego García
54%
Celta de Vigo Iago Aspas
54%
Real Sociedad Álex Remiro
53%
Barcelona Hector Fort
53%
Valladolid Mario Martín
52%
Real Sociedad Mikel Oyarzabal
52%
Leganés Naim García
52%
Atlético de Madrid Robin Le Normand
52%
Barcelona Andreas Christensen
51%
Girona Arnau Martínez
51%
Alavés Carlos Martín
51%
Valencia Diego López
51%
Real Sociedad Jon Martín
51%
Girona David López
50%
Barcelona Pau Víctor
50%
Athletic Club Yeray Álvarez
50%
Athletic Club Dani Vivian
49%
Barcelona Marc Bernal
49%
Athletic Club Óscar de Marcos
49%
Atlético de Madrid Ángel Correa
48%
Real Betis Isco
48%
Atlético de Madrid Nahuel Molina
48%
Atlético de Madrid Pablo Barrios
48%
Girona Pau López
48%
Real Sociedad Takefusa Kubo
48%
Alavés Toni Martínez
48%
Rayo Vallecano Unai López
48%
Real Sociedad Javi López
47%
Atlético de Madrid Samuel Lino
47%
Barcelona Ansu Fati
46%
Villareal Ayoze Pérez
46%
Mallorca Dani Rodríguez
46%
Celta de Vigo Hugo Álvarez
46%
Las Palmas Kirian Rodríguez
46%
Osasuna Rubén Peña
46%
Celta de Vigo Borja Iglesias
45%
Rayo Vallecano James Rodríguez
45%
Celta de Vigo Luca de la Torre
45%
Athletic Club Oihan Sancet
45%
Atlético de Madrid Axel Witsel
44%
Atlético de Madrid Clément Lenglet
44%
Atlético de Madrid Giuliano Simeone
44%
Osasuna Javi Martínez
44%
Valencia Jesús Vázquez
44%
Real Betis Ricardo Rodríguez
44%
Osasuna Aitor Fernández
43%
Sevilla Álvaro Fernández
43%
Getafe Álvaro Rodríguez
43%
Valencia Hugo Duro
43%
Villareal Nicolás Pépé
43%
Leganés Óscar Rodríguez
43%
Leganés Roberto López
43%
Real Betis Rui Silva
43%
Valencia Giorgio Mamardashvili
42%
Atlético de Madrid Javi Galán
42%
Atlético de Madrid Juan Musso
42%
Sevilla Peque Fernández
42%
Atlético de Madrid Conor Gallagher
41%
Valencia Fran Pérez
41%
Osasuna Sergio Herrera
41%
Villareal Dani Parejo
40%
Athletic Club Gorka Guruzeta
40%
Girona Paulo Gazzaniga
40%
Girona Yangel Herrera
40%
Getafe Carles Pérez
39%
Rayo Vallecano Isi Palazón
39%
Real Betis Marc Bartra
39%
Real Sociedad Martín Zubimendi
39%
Athletic Club Unai Gómez
39%
Mallorca Valery Fernández
39%
Villareal Álex Baena
38%
Osasuna Ante Budimir
38%
Valladolid David Torres
38%
Villareal Gerard Moreno
38%
Valladolid Kike Pérez
38%
Valladolid Luis Pérez
38%
Rayo Vallecano Pelayo Fernández
38%
Atlético de Madrid Rodrigo Riquelme
38%
Athletic Club Álex Berenguer
37%
Athletic Club Ander Herrera
37%
Real Betis Giovani Lo Celso
37%
Valencia José Gayá
37%
Athletic Club Julen Aguirrezabala
37%
Real Sociedad Sergio Gómez
37%
Mallorca Vedat Muriqi
37%
Athletic Club Yuri Berchiche
37%
Athletic Club Aitor Paredes
36%
Getafe David Soria
36%
Sevilla Dobi Lukébakio
36%
Real Sociedad Igor Zubeldia
36%
Sevilla Isaac Romero
36%
Leganés | Osasuna Juan Cruz
36%
Getafe Juan Iglesias
36%
Girona Miguel Gutiérrez
36%
Celta de Vigo Óscar Mingueza
36%
Rayo Vallecano Pedro Díaz
36%
Real Betis Abde Ezzalzuouli
35%
Villareal Diego Conde
35%
Sevilla Juanlu Sánchez
35%
Atlético de Madrid César Azpilicueta
34%
Valencia Javi Guerra
34%
Espanyol Javi Puado
34%
Las Palmas Alberto Moleiro
33%
Mallorca Antonio Sánchez
33%
Real Sociedad Brais Mendez
33%
Girona Bryan Gil
33%
Girona Cristhian Stuani
33%
Valencia Dani Gómez
33%
Getafe Djené
33%
Valladolid Javi Sánchez
33%
Alavés Manu Sánchez
33%
Osasuna Moi Gómez
33%
Girona Abel Ruiz
32%
Real Betis Adrián San MIguel
32%
Rayo Vallecano Augusto Batalla
32%
Sevilla Jesús Navas
32%
Celta de Vigo Marcos Alonso
32%
Sevilla Orjan Nyland
32%
Mallorca Pablo Maffeo
32%
Villareal Raúl Albiol
32%
Espanyol Sergi Gómez
32%
Real Sociedad Umar Sadiq
32%
Real Betis Vitor Roque
32%
Mallorca Antonio Raíllo
31%
Getafe Borja Mayoral
31%
Valencia Cristhian Mosquera
31%
Girona Daley Blind
31%
Valladolid Iván Sánchez
31%
Valencia Pepelu
31%
Valladolid Raúl Moro
31%
Atlético de Madrid Reinildo Mandava
31%
Las Palmas Sandro Ramírez
31%
Celta de Vigo Vicente Guaita
31%
Villareal Yeremy Pino
31%
Osasuna Aimar Oroz
30%
Celta de Vigo Alfon González
30%
Real Sociedad Ander Barrenetxea
30%
Rayo Vallecano Andrei Ratiu
30%
Athletic Club Beñat Prados
30%
Osasuna Bryan Zaragoza
30%
Alavés Carlos Vicente
30%
Athletic Club Iñigo Ruiz de Galarreta
30%
Sevilla Saúl Ñíguez
30%
Athletic Club Álex Padilla
29%
Espanyol Carlos Romero
29%
Las Palmas Fabio González
29%
Real Betis Héctor Bellerín
29%
Las Palmas Jasper Cillesen
29%
Real Sociedad Jon Aramburu
29%
Real Sociedad Jon Pacheco
29%
Girona Juan Carlos
29%
Sevilla Loïc Badé
29%
Girona Oriol Romeu
29%
Valencia Rafa Mir
29%
Real Sociedad Sheraldo Becker
29%
Villareal Thierno Barry
29%
Real Sociedad Aihen Muñoz
28%
Las Palmas Álex Muñoz
28%
Athletic Club Andoni Gorosabel
28%
Alavés Antonio Blanco
28%
Valencia César Tárrega
28%
Valencia Dimitri Foulquier
28%
Getafe Luis Milla
28%
Alavés Luka Romero
28%
Athletic Club Mikel Jauregizar
28%
Villareal Santi Comesaña
28%
Villareal Sergi Cardona
28%
Mallorca Sergi Darder
28%
Leganés Sergio González
28%
Athletic Club Unai Núñez
28%
Las Palmas Alex Suárez
27%
Getafe Chrisantus Uche
27%
Mallorca Dominic Greif
27%
Osasuna Enzo Boyomo
27%
Espanyol Fernando Pacheco
27%
Rayo Vallecano Florian Lejeune
27%
Leganés Javi Hernández
27%
Las Palmas Javi Muñoz
27%
Real Sociedad Luka Sucic
27%
Real Sociedad Nayef Aguerd
27%
Real Sociedad Orri Óskarsson
27%
Mallorca Samu Costa
27%
Osasuna Alejandro Catena
26%
Real Betis Chimy Ávila
26%
Villareal Denis Suárez
26%
Osasuna Iker Muñoz
26%
Espanyol Irvin Cardona
26%
Real Betis Johnny Cardoso
26%
Valladolid Karl Hein
26%
Sevilla Kike Salas
26%
Las Palmas Marc Cardona
26%
Getafe Mauro Arambarri
26%
Real Betis Natan
26%
Espanyol Pere Milla
26%
Valencia Stole Dimitrievski
26%
Atlético de Madrid Thomas Lemar
26%
Rayo Vallecano Abdul Mumin
25%
Leganés Adriá Altimira
25%
Athletic Club Álvaro Djaló
25%
Las Palmas Álvaro Vallés
25%
Celta de Vigo Carl Starfelt
25%
Sevilla Chidera Ejuke
25%
Celta de Vigo Fran Beltrán
25%
Mallorca Johan Mojica
25%
Alavés Jon Guridi
25%
Rayo Vallecano Jorge de Frutos
25%
Sevilla Jose Ángel Carmona
25%
Villareal Juan Foyth
25%
Mallorca Leo Román
25%
Villareal Logan Costa
25%
Leganés Marko Dmitrovic
25%
Rayo Vallecano Pathe Ciss
25%
Rayo Vallecano Raúl de Tomás
25%
Real Betis Sergi Altimira
25%
Valencia Thierry Correia
25%
Girona Viktor Tsygankov
25%
Real Madrid Aurélien Tchouméni
24%
Real Betis Cédric Bakambu
24%
Mallorca Cyle Larin
24%
Getafe Diego Rico
24%
Real Sociedad Hamari Traoré
24%
Athletic Club Iñigo Lekue
24%
Valladolid Juanmi Latasa
24%
Valencia Luis Rioja
24%
Mallorca Martín Valjent
24%
Espanyol Salvi Sánchez
24%
Rayo Vallecano Sergio Camello
24%
Girona Yaser Asprilla
24%
Alavés Abdel Abqar
23%
Real Sociedad Aritz Elustondo
23%
Celta de Vigo Carlos Domínguez
23%
Valencia Enzo Barrenechea
23%
Osasuna Lucas Torró
23%
Athletic Club Mikel Vesga
23%
Getafe Omar Alderete
23%
Real Betis Marc Roca
22%
Valencia Mouctar Diakhaby
22%
Sevilla Nemanja Gudelj
22%
Real Betis Youssouf Sabaly
22%
Sevilla Adriá Pedrosa
21%
Real Betis Aitor Ruibal
21%
Espanyol Alex Kral
21%
Real Sociedad Álvaro Odriozola
21%
Barcelona Ander Astralaga
21%
Rayo Vallecano Aridane
21%
Real Sociedad Beñat Turrientes
21%
Girona Donny van de Beek
21%
Celta de Vigo Ilaix Moriba
21%
Rayo Vallecano Iván Balliu
21%
Las Palmas Iván Gil
21%
Valencia Jaume Doménech
21%
Las Palmas Mika Mármol
21%
Real Betis Pablo Fornals
21%
Villareal Pape Gueye
21%
Mallorca Abdón Prats
20%
Valencia André Almeida
20%
Girona Arnaut Danjuma
20%
Rayo Vallecano Dani Cárdenas
20%
Valencia Hugo Guillamón
20%
Celta de Vigo Iván Villar
20%
Osasuna Jesús Areso
20%
Villareal Kiko Femenía
20%
Girona Ladislav Krejci
20%
Espanyol Leandro Cabrera
20%
Villareal Luiz Júnior
20%
Sevilla Marcao
20%
Rayo Vallecano Óscar Valentín
20%
Alavés Asier Villalibre
19%
Alavés Jesús Owono
19%
Osasuna Jon Moncayola
19%
Mallorca José Copete
19%
Sevilla Lucien Agoumé
19%
Las Palmas Oli McBurnie
19%
Rayo Vallecano Pacha Espino
19%
Girona Portu
19%
Rayo Vallecano Randy Nteka
19%
Real Betis Romain Perraud
19%
Leganés Sebastian Haller
19%
Real Betis William Carvalho
19%
Las Palmas Benito Ramírez
18%
Rayo Vallecano Pep Chavarría
18%
Mallorca Robert Navarro
18%
Mallorca Takuma Asano
18%
Celta de Vigo Williot Swedberg
18%
Leganés Yvan Neyou
18%
Celta de Vigo Anastasios Douvikas
17%
Getafe Carles Aleñá
17%
Getafe Domingos Duarte
17%
Real Betis Fran Vieites
17%
Celta de Vigo Joseph Aidoo
17%
Leganés Juan Soriano
17%
Alavés Nahuel Tenaglia
17%
Real Sociedad Pablo Marín
17%
Las Palmas Scott McKenna
17%
Leganés Seydouba Cissé
17%
Sevilla Tanguy Nianzou
17%
Osasuna Abel Bretones
16%
Villareal Alfonso Pedraza
16%
Alavés Ander Guevara
16%
Girona Bojan Miovski
16%
Leganés Dani Raba
16%
Villareal Eric Bailly
16%
Celta de Vigo Hugo Sotelo
16%
Girona Jhon Solís
16%
Alavés Joan Jordán
16%
Real Betis Juanmi
16%
Valladolid Mamadou Sylla
16%
Valladolid Marcos André
16%
Rayo Vallecano Óscar Trejo
16%
Valladolid Selim Amallah
16%
Real Sociedad Unai Marrero
16%
Girona Alejandro Francés
15%
Sevilla Djibril Sow
15%
Espanyol Marash Kumbulla
15%
Athletic Club Nico Serrano
15%
Celta de Vigo Pablo Durán
15%
Leganés Renato Tapia
15%
Sevilla Suso
15%
Leganés Valentin Rosier
15%
Getafe Álex Sola
14%
Valladolid Eray Cömert
14%
Las Palmas Jaime Mata
14%
Espanyol Jofre Carreras
14%
Girona Juanpe
14%
Mallorca Manu Morlanes
14%
Leganés Miguel de la Fuente
14%
Mallorca Omar Mascarell
14%
Valencia Sergi Canós
14%
Mallorca Toni Lato
14%
Celta de Vigo Jonathan Bamba
13%
Real Sociedad Jon Olasagasti
13%
Osasuna Jorge Herrando
13%
Sevilla Kelechi Iheanacho
13%
Valladolid Lucas Rosa
13%
Leganés Matija Nastasic
13%
Leganés Munir el Haddadi
13%
Alavés Santiago Mouriño
13%
Sevilla Albert Lokonga
12%
Alavés Aleksandar Sedlar
12%
Real Betis Assane Diao
12%
Sevilla Gonzalo Montiel
12%
Villareal Ilias Akhomach
12%
Rayo Vallecano Joni Montiel
12%
Las Palmas José Campaña
12%
Villareal Juan Bernat
12%
Osasuna Nacho Vidal
12%
Espanyol Omar el Hilali
12%
Osasuna Pablo Ibáñez
12%
Villareal Ramón Terrats
12%
Valladolid Anuar
11%
Leganés Darko Brasanac
11%
Las Palmas Enzo Loiodice
11%
Getafe Juan Berrocal
11%
Celta de Vigo Miahilo Ristic
11%
Celta de Vigo Sergio Carreira
11%
Sevilla Valentín Barco
11%
Villareal Willy Kambwala
11%
Valencia Yarek Gasiorowski
11%
Las Palmas Adnan Januzaj
10%
Real Sociedad Arsen Zakharyan
10%
Las Palmas Dinko Horkas
10%
Espanyol Fernando Calero
10%
Rayo Vallecano Gerard Gumbau
10%
Celta de Vigo Jailson
10%
Athletic Club Javier Martón
10%
Leganés Jorge Saénz
10%
Osasuna Kike Barja
10%
Alavés Moussa Diarra
10%
Getafe Peter Federico
10%
Rayo Vallecano Adrián Embarba
9%
Valladolid André Ferreira
9%
Alavés Antonio Sibera
9%
Valladolid Cenk Ozkacar
9%
Espanyol Edu Expósito
9%
Celta de Vigo Franco Cervi
9%
Girona Gabriel Misehouy
9%
Real Betis Iker Losada
9%
Getafe Jiri Letacek
9%
Las Palmas Manu Fuster
9%
Las Palmas Marvin Park
9%
Espanyol Pol Lozano
9%
Alavés Stoichkov
9%
Alavés Tomás Conechny
9%
Las Palmas Viti Rozada
9%
Espanyol Alejo Veliz
8%
Espanyol Álvaro Aguado
8%
Espanyol Álvaro Tejero
8%
Alavés Carlos Protesoni
8%
Valladolid Darwin Machís
8%
Celta de Vigo Javier Manquillo
8%
Rayo Vallecano Sergi Guardiola
8%
Mallorca Siebe van der Heyden
8%
Espanyol Walid Cheddira
8%
Valladolid Amath Ndiaye
7%
Espanyol Brian Oliván
7%
Mallorca Chiquinho
7%
Leganés Eric Franquesa
7%
Osasuna Iker Benito
7%
Mallorca Mateu Morey
7%
Real Sociedad Urko González de Zarate
7%
Getafe Berug Yildirim
6%
Las Palmas Daley Sinkgraven
6%
Real Sociedad Jon Magunazelaia
6%
Espanyol José Gragera
6%
Osasuna Jose Manuel Arnáiz
6%
Las Palmas Pejiño
6%
Valladolid Stanko Juric
6%
Celta de Vigo Tadeo Allende
6%
Getafe Yellu Santiago
6%
Alavés Abde Rebbach
5%
Alavés Hugo Novoa
5%
Mallorca Javi Llabrés
5%
Valladolid Kenedy
5%
Valencia Maximiliano Caufriez
5%
Sevilla Pedro Ortiz
5%
Valladolid Victor Meseguer
5%
Getafe Fabrizio Angileri
4%
Valladolid Cesár de la Hoz
3%
Leganés Julían Chicco
3%
Leganés Jackson Porozo
2%
No se encontraron pruebas coincidentes
Distribución de puntuación
Porcentaje de gente con cada puntuación
Porcentaje por número respondido
Historial de tus puntuaciones
No has intentado esta prueba.